|
|
|
|
| LEADER |
00000nam2a2200000 4500 |
| 001 |
241570 |
| 005 |
20231101231826.0 |
| 035 |
|
|
|a (RuTPU)RU\TPU\book\262845
|
| 035 |
|
|
|a RU\TPU\book\262844
|
| 090 |
|
|
|a 241570
|
| 100 |
|
|
|a 20130806d1947 k y0rusy50 ca
|
| 101 |
0 |
|
|a rus
|
| 102 |
|
|
|a RU
|
| 105 |
|
|
|a a z 001zy
|
| 200 |
0 |
|
|a Ч. 1: Аппарат исследования. Общие основания теории и внутренняя геометрия поверхности
|
| 210 |
|
|
|d 1947
|
| 215 |
|
|
|a 512 с.
|c ил.
|
| 320 |
|
|
|a Библиогр.: с. 498-505.
|
| 320 |
|
|
|a Именной указатель: с. 506.
|
| 320 |
|
|
|a Предметный указатель: с. 507-512.
|
| 461 |
|
1 |
|0 (RuTPU)RU\TPU\book\264028
|t Основы теории поверхностей в тензорном изложении
|f В. Ф. Каган
|v Ч. 1: Аппарат исследования. Общие основания теории и внутренняя геометрия поверхности
|d 1948-
|
| 606 |
1 |
|
|a Геометрия
|2 stltpush
|3 (RuTPU)RU\TPU\subj\6171
|9 34123
|
| 610 |
1 |
|
|a поверхности
|
| 610 |
1 |
|
|a пространства
|
| 610 |
1 |
|
|a кривизна
|
| 610 |
1 |
|
|a асимптотические линии
|
| 610 |
1 |
|
|a тензор Кодацци
|
| 610 |
1 |
|
|a теорема Гильберта-Шмидта
|
| 610 |
1 |
|
|a изгибания
|
| 610 |
1 |
|
|a тензор Дарбу
|
| 610 |
1 |
|
|a интегральная геометрия
|
| 610 |
1 |
|
|a сети
|
| 675 |
|
|
|a 514
|v 3
|
| 801 |
|
1 |
|a RU
|b 63413507
|c 20130806
|
| 801 |
|
2 |
|a RU
|b 63413507
|c 20140407
|g RCR
|
| 942 |
|
|
|c BK
|